Anar al contingut

Грамматика французского языка Теория и практика Учебное пособие

Учебное пособие предназначено для магистрантов первого и второго года обучения неязыковых направлений подготовки. Предложенная система грамматических правил и упражнений способствует овладению наиболее употребительными грамматическими формами и конструкциями. Публикутся в аворской редакции....

Descripció completa

Guardat en:
Dades bibliogràfiques
Autor principal: Тюрина О.В
Format: Учебное пособие
Accés en línia:https://znanium.com/catalog/document?id=339528
https://znanium.com/cover/1020/1020511.jpg
Etiquetes: Afegir etiqueta
Sense etiquetes, Sigues el primer a etiquetar aquest registre!
LEADER 02191nam0a2200313 i 4500
001 RU\infra-m\znanium\bibl\1020511
003 https://znanium.com/catalog/document?id=339528
005 20190810000000.0
010 |a 978-5-9275-2398-6 
100 |a 20190810d2019 m y0rusy0150 ca 
101 0 |a rus 
102 |a RU 
200 1 |a Грамматика французского языка Теория и практика  |e Учебное пособие  |f Южный федеральный университет 
210 1 |a Ростов-на-Дону  |c Издательство Южного федерального университета (ЮФУ)  |d 2017 
215 |a 132 с. 
330 |a Учебное пособие предназначено для магистрантов первого и второго года обучения неязыковых направлений подготовки. Предложенная система грамматических правил и упражнений способствует овладению наиболее употребительными грамматическими формами и конструкциями. Публикутся в аворской редакции. 
333 |a ВО - Магистратура 
606 |a Филологические науки  |x Французский язык  |2 local 
608 |a Учебное пособие  |2 local 
675 |a 811133  |z rus 
686 |a 812Ф  |2 rubbk 
686 |a 37.04.01  |2 okso 
686 |a 38.04.01  |2 okso 
686 |a 46.04.01  |2 okso 
700 1 |a Тюрина  |b О.В.  |g Ольга Васильевна  |p Южный федеральный университет 
701 1 |a Дудникова  |b Л.В.  |g Лина Викторовна  |p Южный федеральный университет 
801 0 |a RU  |b Общество с ограниченной ответственностью «ЗНАНИУМ»  |c 20190226  |2 rusmarc 
856 4 |a znanium.com  |m ebs_support@infra-m.ru  |n НИЦ ИНФРА-М  |u https://znanium.com/catalog/document?id=339528 
856 4 1 |a znanium.com  |d /cover/1020  |f 1020511.jpg  |q image/jpeg  |u https://znanium.com/cover/1020/1020511.jpg